Práctica de la dinámica de grupos: ejercicios y técnica
Wedi'i Gadw mewn:
| Prif Awdur: | |
|---|---|
| Fformat: | Llyfr |
| Iaith: | Sbaeneg |
| Cyhoeddwyd: |
Barcelona
Herder
1990
|
| Cyfres: | Biblioteca de psicosociología
|
| Pynciau: | |
| Tagiau: |
Ychwanegu Tag
Dim Tagiau, Byddwch y cyntaf i dagio'r cofnod hwn!
|
MARC
| LEADER | 00000nam a2200000 a 4500 | ||
|---|---|---|---|
| 001 | UCY1833 | ||
| 003 | CL-VaPUC | ||
| 008 | 940922e19900000SP |||||||||||||||||spa|d | ||
| 082 | 0 | 4 | |a 302.3 |b ANT |2 21 |
| 100 | 0 | |a Antons, Klaus |e author |9 329863 | |
| 245 | 1 | 0 | |a Práctica de la dinámica de grupos: ejercicios y técnica |
| 300 | |a 319 p | ||
| 942 | |c BK | ||
| 945 | |d 19940922 00:00:00 |a rbrito | ||
| 260 | |a Barcelona |b Herder |c 1990 | ||
| 650 | 0 | |a Dinámica de grupos |9 259862 | |
| 650 | 7 | |a ENTRENAMIENTO EN RELACIONES DE GRUPOS |2 CL-VaPUC |9 329864 | |
| 583 | |a last modification |c 19940922 00:00:00 |k Rodrigo Vera | ||
| 490 | 0 | |a Biblioteca de psicosociología | |
| 999 | |c 230418 |d 230416 | ||
| 952 | |0 0 |1 0 |4 0 |6 302_300000000000000_ANT_1990 |7 0 |8 A |9 232659 |a BIBEDU |b BIBEDU |d 2019-11-15 |i 3020827 |o 302.3 ANT 1990 |p 3020827 |r 2019-11-15 |w 2019-11-15 |y BK |k FIL | ||